1506 1717 1806 1078 1467 1145 1099 1213 1989 1306 1777 1445 1833 1240 1505 1511 1374 1096 1020 1202 1521 1116 1006 1765 1366 1017 1492 1368 1374 1300 1595 1890 1038 1149 1159 1546 1700 1302 1992 1703 1137 1501 1182 1955 1477 1436 1066 1041 1311 1164 1544 1152 1373 1950 1521 1724 1372 1288 1093 1111 1498 1644 1874 1670 1877 1656 1545 1663 1262 1283 1265 1441 1231 1191 1974 1896 1851 1036 1224 1910 1540 1521 1372 1003 1797 1417 1293 1698 1588 1849 1192 1032 1283 1768 1775 1609 1241 1401 1313 BCNSPRNW ULIB Ver.6.0+V

เปลี่ยนเป็นภาษาไทย

Change to English
 แสดงรายละเอียดบรรณานุกรม
  กลับหน้าหลัก

Brief Record : Get Marc (ISO 2709) : E-mail record : QR code < ปิดหน้าต่าง
LEADER : 00000nam 2200000uu 4500
001    13399114584
003     ULIB
008    120418s2551||||th 000 0 tha d
020    ^a9789744513083
090    ^aนว.^bพ912ป 2551
100 0  ^aเพ็ญศิริ
245 00 ^aบัลลังก์มาร/^cเพ็ญศิริ
250    ^aพิมพ์ครั้งที่ 1
260    ^aกรุงเทพฯ :^bSimply book,^c2551
300    ^a320 หน้า
945    ^p215^l0^i15325
995    ^aกัณชพร
999    ^aใช้งานได้ทุกระบบ
รายการนี้ยังไม่มีแท็ก
คุณยังไม่ได้ล็อกอิน คุณสามารถมีกิจกรรมร่วมกับเว็บไซต์ได้ แต่ต้องล็อกอินก่อน ::
  ล็อกอิน

รายการสื่อสารสนเทศ

ลำดับที่ ประเภท เลขเรียก/บาร์โค้ด สถานที่ สถานะ
1. นวนิยาย
นวนิยาย
นว. พ912ป 2551  
  Barcode: 15325
ห้องสมุดวิทยาเขตสวรรค์ประชารักษ์
►นวนิยาย
บนชั้น
  ขอยืม

รายการใกล้เคียง
    ผู้แต่ง [เพ็ญศิริ]

BibComment


ยังไม่เคยถูกคอมเมนท์

คอมเมนท์ทรัพยากรรายการนี้
  คอมเมนท์: บัลลังก์มาร เพ็ญ..


 Copyright 2026. Bcnsprnw @Library